• 首页
  • 本馆介绍
  • 公告通知
  • 最新文献
  • 馆藏检索
  • 电子资源
  • 读者导购
  • 参考咨询
  • 我的图书馆
  • 登录
  • 详细信息显示
  • 放入我的书架
  • 预约/预借图书
  • 作者相关作品
  • 分类相关作品
  • 丛书相关作品
  • 出版社相关作品

书目信息

  • 表格格式
  • 工作单格式
  • 卡片格式
题名:
一口气读懂地理常识
    
 
作者: 本书编写组编
分册:  
出版信息: 广州   广东世界图书出版公司  2010
页数: 194页
开本: 23cm
丛书名: 一口气读懂常识丛书
单 册:
中图分类: K92
科图分类:
主题词: 地理--中国--青年读物
电子资源:
ISBN: 978-7-5100-1555-7
000 00650oam2 2200229 450
001 2348496173
005 20231129040210.04
010    @a978-7-5100-1555-7@dCNY38.80
100    @a20101126d2010 em y0chiy50 ea
101 0  @achi
102    @aCN@b440000
105    @ay z 000yy
200 1  @a一口气读懂地理常识@Ayi kou qi du dong di li chang shi@f本书编写组编
210    @a广州@c广东世界图书出版公司@d2010
215    @a194页@d23cm
225 2  @a一口气读懂常识丛书
410  0 @12001 @a一口气读懂常识丛书
606 0  @a地理@y中国@j青年读物
690    @aK92@v4
696    @aK92-499@v3@2sef
801  0 @aCN@b91MARC@c20130904
905    @aZUCC@dK92@e46
    
    一口气读懂地理常识/本书编写组编.-广州:广东世界图书出版公司,2010
    194页;23cm.-(一口气读懂常识丛书)
    
    
    ISBN 978-7-5100-1555-7:CNY38.80
    
●
相关链接 在五车中查询图书 在当当中查询图书 在豆瓣中查询图书


正题名:一口气读懂地理常识     索取号:K92/46         预约/预借

序号 登录号 条形码 馆藏地/架位号 状态 备注
1 2001010897   2001010897   第四书库/四30架A面5层3列/ [索取号:K92/46] 在馆    
2 2001010898   2001010898   第四书库/四30架A面5层3列/ [索取号:K92/46] 在馆    
3 2001010899   2001010899   第四书库/四30架A面5层3列/ [索取号:K92/46] 在馆    
4 2001010900   2001010900   第四书库/四30架A面5层3列/ [索取号:K92/46] 在馆    
5 2001010901   2001010901   第四书库/四30架A面5层3列/ [索取号:K92/46] 在馆    
6 2001010902   2001010902   第四书库/四30架A面5层3列/ [索取号:K92/46] 在馆    
山东省滨州职业学院图书馆 欢迎您!
大连网信软件有限公司© 版权所有